000 00726nam a2200265 i 4500
001 bgj
245 1 0 _aSchülerduden :
_bdie Literatur /
_chrsg. und bearb. von Meyers Lexikonredaktion unter Leitung von Gerhard Kwiatkowski.
246 _aDie |Literatur.
250 _aWyd. 2.
260 _aMannheim :
_bDudenverlag,
_c1989.
300 _a512 s. :
_bil. ;
_c20 cm.
504 _aIndeks.
650 9 _aJęzyk niemiecki
650 9 _aLiteratura niemiecka
655 _aSłowniki
700 1 _aKWIATKOWSKI, Gerhard.
020 _a3411022426
040 _cBPK
041 0 _ager
044 _aDEU
080 _a811.112.2(03)
920 _a3-411-02242-6
942 _cKS
008 s gw f |000 0 ger
999 _c51014
_d51014
856 _uhttp://koha.tu.koszalin.pl/cgi-bin/koha/opac-detail.pl?biblionumber=51014
_yKatalog online BPK